| 000 | 01168nam a2200337 i 4500 | ||
|---|---|---|---|
| 003 | EG-GICUC | ||
| 005 | 20260121101738.0 | ||
| 008 | 260118s1929 fr ||||fr||| 00|00 ffre d | ||
| 040 |
_aEG-GiCUC _bfre _cEG-GiCUC _dEG-GiCUC _eRda |
||
| 041 | _afre | ||
| 082 | 0 | 4 |
_221 _a341.28 _bYA . T |
| 092 | 0 | 4 | _221 |
| 099 | _aLaw1 11 341.28 YA . T 1929 | ||
| 100 | 1 |
_a Yang, Léon _eAuteur |
|
| 245 | 1 | 4 |
_aLes Territoires À Bail En Chine : _bEtude D'hismire Diplomatique Et De Demis International / _cLéon Yang (Yang Lieou-fong). |
| 264 | 1 |
_aParis : _bLes Presses Universitaires De France, _c1929. |
|
| 300 |
_a215 page ; _c24 cm. _billustration ; |
||
| 336 |
_2rda contenu _a texte |
||
| 337 |
_2rda medias _aOrdinateur |
||
| 338 |
_2 transporteur rda _a Ressource en ligne |
||
| 546 | _aTexte en français | ||
| 650 | 1 | 4 | _aTerritoires non autonomes |
| 650 | 1 | 4 |
_aDiplomatie _xDroit international public _2qrmak |
| 650 | 1 | 4 |
_aL'agent Diplomatique _2qrmak |
| 650 | 1 | 4 |
_aPersonnel Diplomatique _2qrmak |
| 650 | 1 | 4 | _aStatut international |
| 651 | 1 | _2qrmak | |
| 856 | 4 | 0 | _uhttps://fll.law.cu.edu.eg/fulltext/bks/B11-06912.pdf |
| 905 | _a79 | ||
| 942 |
_2ddc _cBK _e21 _n0 |
||
| 999 |
_c57695 _d57695 |
||